Score 0/20 Timer 02:00
0 Plays Today
Clue 4-Letter Word % Correct
Liberty ___, Philadelphia landmarkBELL
91.2%
Strip, perhaps leather, worn around the waistBELT
89.4%
★ The Esposito bros. & Bobby [Rung 5] are NHL ___ of Famers ★★HALL★
89%
___ Mall, cigarette companyPALL
87.6%
BucketPAIL
86.4%
★ Bobby & Dennis ___, NHL brothers ★★HULL★
85.5%
Male bovineBULL
85.2%
Elevator in the UKLIFT
83.7%
Close and open a single eye quicklyWINK
80.1%
Excelling all othersBEST
77.4%
Clue 4-Letter Word % Correct
'The Legend of Zelda' protagonistLINK
76.1%
Laundry leftoversLINT
74.9%
★ ___ Esposito, [Rung 1]'s brother ★★TONY★
71.7%
Fork's prongTINE
71.4%
★ Bobby & Dennis [Rung 5] played ___ [Rung 16] ★★LEFT★
71.3%
Shape up musclesTONE
69.2%
For fear thatLEST
69.2%
★ ___ Esposito, [Rung 20]'s brother ★★PHIL★
68.4%
★ Bobby & Dennis [Rung 5] played [Rung 11] ___★WING★
67.7%
Ringing sound made by glassTING
66%

Today's Daily Dose

Remove Ads.
Support Sporcle.
Get the best of Sporcle when you Go Orange. This ad-free experience offers more features, more stats, and more fun while also helping to support Sporcle. Thank you for becoming a member.

You're not logged in!

Compare scores with friends on all Sporcle quizzes.
OR
Log In

Show Comments

Extras

Top Quizzes Today


Score Distribution

Your Account Isn't Verified!

In order to create a playlist on Sporcle, you need to verify the email address you used during registration. Go to your Sporcle Settings to finish the process.

Report this User

Report this user for behavior that violates our Community Guidelines.

Details: